One Piece quiz puristes - Statistiques

Statistiques générales
  • Ce quiz a été pris 324 fois
  • Le résultat moyen est 14 sur 20
Statistiques - réponses
Description Personnage % Correct
Je suis le roi du Davy back fight Foxy
95%
Je suis la réincarnation de Joy Boy Luffy
95%
Je suis la princesse caché de Dressrosa Rebecca
94%
Je suis un ancien samouraï de Wano devenu un zombie Ryuma
91%
Capitaine des pirates du soleil Fisher Tiger
88%
L'homme le plus recherché Dragon
86%
Je suis un ancien MADS, père de quintuplés Vinsmoke Judge
86%
Amiral en chef pendant la période de Gol D. Roger Kong
81%
Je contrôle les pacifistas Sentomaru
81%
Mon surnom est "pieds rouges" Zeff
77%
Pedro m'a enlevé mon bras Perospero
76%
Le héros de Rocky Port Koby
74%
Je suis un instrument de musique humain Apoo
73%
Je suis le mari de Charlotte Chiffon Capone Bege
68%
Ma monture s'appelle Pierre Gan Fall
53%
J'ai proposé une pomme à luffy Doc Q
51%
Je suis un capitaine de la marine victime de la cross guilde T-bone
46%
Je me suis sacrifié pour mon pays Pell
37%
Mon crâne est la clé de mon trésor Don chinjao
26%
Je suis un homme-poisson à trois cornes Sasaki
15%
Aucun quiz correspondant
Distribution des résultats
% des personnes avec chaque résultat
Percentile par nombre de réponses
Votre historique - résultats
Vous n’avez pas pris ce quiz